Music Quiz

Random Music or Bands Quiz

Bands' Hometown Quiz Stats

 Plays Quiz Updated Feb 20, 2019

     
Support Sporcle.
Go Orange.
Score 0/20 Timer 06:00
0 Plays Today
Band Hometown % Correct
The BeatlesLiverpool, United Kingdom
91.2%
U2Dublin, Ireland
74.1%
Red Hot Chili PeppersLos Angeles, California, USA
64.2%
SoundgardenSeattle, Washington, USA
59%
Bob Marley and the WailersKingston, Jamaica
57.9%
Beastie BoysNew York, New York, USA
57.5%
Led ZeppelinLondon, United Kingdom
50.6%
ABBAStockholm, Sweden
49.4%
OasisManchester, United Kingdom
46.2%
AC/DCSydney, Australia
45.1%
Band Hometown % Correct
AerosmithBoston, Massachusetts, USA
44.2%
Grateful DeadSan Francisco, California, USA
36.8%
Barenaked LadiesToronto, Ontario, Canada
36%
Smashing PumpkinsChicago, Illinois, USA
30.2%
The White StripesDetroit, Michigan, USA
28.6%
ZZ TopHouston, Texas, USA
27.6%
Duran DuranBirmingham, United Kingdom
13%
Def LeppardSheffield, United Kingdom
11.2%
Men Without HatsMontreal, Canada
5.2%
ScorpionsHanover, Germany
4.6%

From the Vault

'C' Historical Figures by Image

by SporcleEXP

History 7m
We've got everything from chemists to Pharaohs to Presidents.
Remove Ads.
Support Sporcle.
Get the best of Sporcle when you Go Orange. This ad-free experience offers more features, more stats, and more fun while also helping to support Sporcle. Thank you for becoming a member.

Show Comments

Extras

Top Quizzes Today


Score Distribution

Your Account Isn't Verified!

In order to create a playlist on Sporcle, you need to verify the email address you used during registration. Go to your Sporcle Settings to finish the process.

Report this User

Report this user for behavior that violates our Community Guidelines.

Details: